| 000 | 00630nam a2200229 4500 | ||
|---|---|---|---|
| 003 | OSt | ||
| 005 | 20260601193839.0 | ||
| 008 | 260417b1993 |||a|||| |||| 00| 0 nc d | ||
| 020 | _a0553370294 | ||
| 020 | _a0553370286 | ||
| 040 |
_aICI _bspa _cICI |
||
| 050 |
_aZ250 _bN33 |
||
| 100 | 1 | _aNadler, James, | |
| 245 | 1 |
_aThe dover electronic clip art library / _cJames Nadler |
|
| 264 |
_bBantam, _c1993- _aNew York, New York : |
||
| 300 | _avolúmenes | ||
| 336 |
_atexto _2rdacontent |
||
| 337 |
_asin medio _2rdamedia |
||
| 338 |
_avolumen _2rdacarrier |
||
| 650 |
_aClip art _vBases de datos _xBases de datos |
||
| 942 |
_2lcc _cB |
||
| 999 |
_c21366 _d21366 |
||